El Siluetazo, desde la mirada de Eduardo Gil = El Siluetazo, in Eduardo Gil's Eyes /

Folio MUAC es una colección de publicaciones relativas a exposiciones presentadas en el Museo Universitario Arte Contemporáneo de la UNAM. El primer número de la colección fue editado con motivo de la exposición El Siluetazo, desde la mirada de Eduardo Gil, presentada en el Vestíbulo Arkheia del MUA...

Descripció completa

Guardat en:
Dades bibliogràfiques
Autor principal: Gil, Eduardo (autor)
Autor corporatiu: Museo Universitario Arte Contemporáneo
Altres autors: Battiti, Florencia (texto) (texto)
Format: Llibre
Idioma:espanyol
Publicat: México : UNAM, Museo Universitario Arte Contemporáneo, 2013, c2013
Col·lecció:(Folio MUAC ; 1)
Matèries:
Etiquetes: Afegir etiqueta
Sense etiquetes, Sigues el primer a etiquetar aquest registre!

MARC

LEADER 00000nam^a2200000^a^4500
001 000340386
005 20251210140616.0
009 20260310114453.318
020 |a 978-607-02-4541-1 
020 |a 978-607-02-5175-7 
037 |a Acervo ITESO - Biblioteca 
041 |a ESP 
082 |a 709. 05  |b MUAC V. 1 
100 |a Gil, Eduardo  |e (autor) 
245 1 3 |a El Siluetazo, desde la mirada de Eduardo Gil =  |b El Siluetazo, in Eduardo Gil's Eyes /  |c E. Gil ; texto de F. Battiti ; Museo Universitario Arte Contemporáneo. 
264 4 |a México :  |b UNAM, Museo Universitario Arte Contemporáneo,  |c 2013, c2013 
300 |a 31 p. 
336 |a texto  |b txt  |2 rdacontenido 
337 |a sin mediación  |b n  |2 rdamedio 
338 |a volumen  |b nc  |2 rdasoporte 
440 1 |a (Folio MUAC ;  |v 1) 
520 |a Folio MUAC es una colección de publicaciones relativas a exposiciones presentadas en el Museo Universitario Arte Contemporáneo de la UNAM. El primer número de la colección fue editado con motivo de la exposición El Siluetazo, desde la mirada de Eduardo Gil, presentada en el Vestíbulo Arkheia del MUAC, del 27 de junio al 24 de noviembre de 2013. "El Siluetazo" fue una acción estético-política ideada por los artistas visuales Rodolfo Aguerreberry, Julio Flores y Guillermo Kexel, quienes buscaron simbolizar la desaparición de miles de personas durante la dictadura argentina. Uno de los participantes en la acción, escenificada en Buenos Aires los días 21 y 22 de septiembre de 1983, fue el fotógrafo Eduardo Gil, cuyas imágenes dieron origen a la exposición del MUAC. 
546 |a Edición bilingüe español-inglés 
649 |a XX 
650 |a Museos y Galerías -  |z México (Ciudad) -  |x Exposiciones 
650 |a Museos y Galerías -  |z México -  |x Exposiciones 
650 |a Fotógrafos Argentinos 
650 |a Artistas Argentinos 
650 |a Fotografía Argentina -  |x Exposiciones 
650 |a Fotografía Argentina -  |x Historia y Crítica 
650 |a Fotografía Argentina -  |y Siglo XX 
650 |a Arte y Política -  |z Argentina -  |x Exposiciones 
650 |a Arte y Política -  |z Argentina -  |x Historia y Crítica 
650 |a Arte Argentino -  |x Exposiciones 
650 |a Arte Argentino -  |x Historia y Crítica 
650 |a Política -  |z Argentina -  |x Historia -  |y 1976-1983 
650 |a Política -  |z Argentina -  |x Historia -  |y Siglo XX 
650 |a Aguerreberry, Rodolfo 
650 |a Flores, Julio 
650 |a Gil, Eduardo -  |x Tema Principal 
650 |a Kexel, Guillermo 
710 |a Museo Universitario Arte Contemporáneo 
700 |a Battiti, Florencia  |e (texto) 
910 |a Fondo General 
920 |a Impresos - Libros 
930 |a Reserva Especial 
905 |a 103 
901 |a 0500230325  |b IT1  |c REE  |i C139702  |u 20250521 
902 |a https://opac.biblio.iteso.mx/vufind/Record/000340386